000 00521nam a2200169Ia 4500
003 GCL
008 140319s9999 xx 000 0 ara d
040 _aGCL /
_cGCL
082 0 4 _a812.042
_bو ص
100 1 _aعبدالقادر القط
245 1 0 _aصيف ودخان:?مسرحية /
_cعبدالقادر القط
700 1 _aوليامز, تينسى
490 _aمكتبة الفنون الدرامية
_v0
650 0 4 _aالمسرحيات
650 0 4 _aالمسرحيات الامريكية
942 _2ddc
_cBK
999 _c40601
_d40601